BUBT Library Online Catalog

Law and Practice of Criminal Procedure / (Record no. 6710)

000 -LEADER
fixed length control field 00656nam a22002297a 4500
003 - CONTROL NUMBER IDENTIFIER
control field BUBTL
008 - FIXED-LENGTH DATA ELEMENTS--GENERAL INFORMATION
fixed length control field 220524b ||||| |||| 00| 0 eng d
020 ## - INTERNATIONAL STANDARD BOOK NUMBER
International Standard Book Number 9848470514
041 ## - LANGUAGE CODE
Language code of text/sound track or separate title English
082 ## - DEWEY DECIMAL CLASSIFICATION NUMBER
Classification number 345.05/ H929l/ 2014
100 ## - MAIN ENTRY--PERSONAL NAME
9 (RLIN) 5234
Personal name Huq, Al-Haj Zahirul
245 ## - TITLE STATEMENT
Title Law and Practice of Criminal Procedure /
Remainder of title Al- Haj Zahirul Huq
250 ## - EDITION STATEMENT
Edition statement 14th
260 ## - PUBLICATION, DISTRIBUTION, ETC. (IMPRINT)
Place of publication, distribution, etc. Dhaka
Name of publisher, distributor, etc. Bangladesh Law Book Company
Date of publication, distribution, etc. c2014
300 ## - PHYSICAL DESCRIPTION
Extent [xxxv],1272p. :
Other physical details 21cm.
526 ## - STUDY PROGRAM INFORMATION NOTE
Program name Law
650 ## - SUBJECT ADDED ENTRY--TOPICAL TERM
Topical term or geographic name as entry element Criminal Law
9 (RLIN) 4577
700 ## - ADDED ENTRY--PERSONAL NAME
9 (RLIN) 5233
Personal name Al-Haj Zahirul Huq
856 ## - ELECTRONIC LOCATION AND ACCESS
Password 0
Logon 0
Link text Download
942 ## - ADDED ENTRY ELEMENTS (KOHA)
Source of classification or shelving scheme
Koha item type Books
Holdings
Withdrawn status Lost status Source of classification or shelving scheme Damaged status Not for loan Collection code Permanent location Current location Shelving location Date acquired Source of acquisition Inventory number Total Checkouts Full call number Barcode Date last seen Copy number Price effective from Koha item type Date last checked out
        Not For Loan Non-fiction Bangladesh University of Business and Technology Library Bangladesh University of Business and Technology Library Law Stacks 03/19/2016 Purchase 21901   345.05/ H929l/ 2014 BUBTL-200321901 05/24/2022 C-1 05/24/2022 Books  
          Non-fiction Bangladesh University of Business and Technology Library Bangladesh University of Business and Technology Library Law Stacks 03/19/2016 Purchase 21902 5 345.05/ H929l/ 2014 BUBTL-200321902 05/16/2024 C-2 05/24/2022 Books 05/08/2024
          Non-fiction Bangladesh University of Business and Technology Library Bangladesh University of Business and Technology Library Law Stacks 03/19/2016 Purchase 21903 3 345.05/ H929l/ 2014 BUBTL-200321903 05/16/2024 C-3 07/14/2023 Books 05/08/2024

More Information About Library

Library Hours

  • Open: 9.00 am. to 9.00 pm.
  • Only Sunday: 9.00 am. to 6.00 pm.
  • Closed: Holiday

Contact to the University

Bangladesh University of Business and Technology Library

  • Mirpurl-2, 1216.
  • Phone:
  • Fax:
  • E-Mail: admin.library@bubt.edu.bd

Contact to the Library

Contact Person:

Md. Abdul Hakim Shah
Joint Librarian
PABX No:  113
Cell No: 01816332931
E-mail: official: admin.library@bubt.edu.bd
Personal: hakim.shah@bubt.edu.bd


BUBT Library

Copyright © 2021